00461pab a2200157 454500008004000000100002000040245010200060260000900162300001300171362000800184650001900192650002600211650001700237700002000254773002900274180718b2010 xxu||||| |||| 00| 0 eng d aOhanian, Lee E. aCapital flows and macroeconomic performance: lessons from the golden era of international finance c2010 ap.68-72. aMay aMacroeconomics aInternational finance aCapital flow aWright, Mark L. aAmerican Economic Review